000 00578nam a2200181Ia 4500
003 GCL
008 140319s9999 xx 000 0 ara d
040 _aGCL /
_cGCL
082 0 4 _a230
_bع س
100 1 _aعكاشة عبدالمنان الطيبى
245 1 0 _aسبعة فى ظل الله /
_cعكاشة عبدالمنان الطيبى
260 _aالقاهرة :
_bمكتبة التراث الاسلامى
300 _a192 ص ؛
_c24 سم
490 _a
650 0 4 _aالاحاديث النبوية
650 0 4 _aالاحاديث القدسية
942 _2ddc
_cBK
999 _c31560
_d31560